000 00619nam a22001817a 4500
005 20251108164221.0
008 250721s1993 xx 000 0 ara d
082 1 4 _a781.23/محم
100 1 _aشاكر، محمد عزيز
245 1 0 _aعلم الهارمونية للمعاهد و كليات الموسيقى و التربية الموسيقية /
264 1 _aدمشق :
_bدار الحصاد للنشر و التوزيع،
_c1993.
300 _a551ص
650 1 7 _aالتركيب الموسيقي
650 1 7 _aإنسجام الأصوات
650 1 7 _aالموسيقى
942 _2ddc
_cBK
999 _c6605
_d6605